| 000 -LEADER | |
|---|---|
| fixed length control field | 00339nam a22001337a 4500 |
| 005 - DATE AND TIME OF LATEST TRANSACTION | |
| control field | 20200622122008.0 |
| 008 - FIXED-LENGTH DATA ELEMENTS--GENERAL INFORMATION | |
| fixed length control field | 200620b xxu||||| |||| 00| 0 eng d |
| 082 ## - DEWEY DECIMAL CLASSIFICATION NUMBER | |
| Classification number | 348.5412 JBCJ |
| 245 ## - TITLE STATEMENT | |
| Title | JHARKHAND BAR COUNCIL JOURNAL , 2019 [4] |
| 260 ## - PUBLICATION, DISTRIBUTION, ETC. (IMPRINT) | |
| Place of publication | RANCHI |
| Name of publisher | JSBC , RANCHI JHARKHAND |
| 300 ## - PHYSICAL DESCRIPTION | |
| Number of Pages | 816;p |
| 650 ## - SUBJECT ADDED ENTRY--TOPICAL TERM | |
| Topical Term | LAW |
| 942 ## - ADDED ENTRY ELEMENTS (KOHA) | |
| Koha item type | Journals/Serial |
| Lost status | Damaged status | Collection code | Home library | Current library | Shelving location | Date acquired | Source of acquisition | Cost, normal purchase price | Full call number | Accession Number | Koha item type |
|---|---|---|---|---|---|---|---|---|---|---|---|
| LAW | JRU Library | JRU Library | SHELF-33-A | 02/07/2020 | PURCHESS | 925.00 | 348.5412, JBCJ | 24933 | Journals/Serial |